| 000 | 01146nam0a22002891 4500 | ||
|---|---|---|---|
| 001 | RU\NLR\INFOCOMM\LIB1\18837 | ||
| 005 | 20250617210307.0 | ||
| 035 | _a(NLR Aleph) 004340521 | ||
| 090 |
_a3113303 _c3113303 |
||
| 100 | _a20010828d1930 |||y0rusy50 ca | ||
| 101 | 0 | _afin | |
| 102 | _aRU | ||
| 105 | _ay ||||000ay | ||
| 200 | 1 |
_aMaatalouskysymys _eTov.Stalinin puhe marxilaisten agraarikkojen konferensissa27/XIII 1929 _fI.Stalin |
|
| 210 |
_aLeningrad-Petroskoi _d1930 |
||
| 215 | _a72-95с. | ||
| 300 | _aЗагл.оригинала: К вопросам аграрной политики в СССР | ||
| 311 | _aВ кн.: Stalin, I.V.Oikeistosuunnasta NKP(b):ssa Leningrad-Petroskoi 1930. c.72-95 | ||
| 454 | 0 |
_12001#$aК вопросам аграрной политики в СССР _tК вопросам аграрной политики в СССР |
|
| 488 | 0 |
_12001#$aOikeistosuunnasta NKP(b):ssa _tOikeistosuunnasta NKP(b):ssa |
|
| 700 | 1 |
_aStalin _bI.V. _gIosif Vissarionovič _4070 |
|
| 801 | 1 |
_aRU _bInfoComm _c20020130 |
|
| 801 | 0 |
_aRU _bNLR _gPSBO |
|
| 852 |
_aNLR _bС _j66-29/1-1 |
||
| 942 | _cBOOK | ||
| 980 | _aNB | ||